000 00367nam a2200133Ia 4500
008 151001s9999||||xx |||||||||||||| ||und||
100 _aराजेंद्र निरोश
245 _aगांधी जी कि सिफारिश
250 _a1
260 _bकिताबहार
260 _c2007
300 _a128
365 _b21
999 _c994323
_d994320